00808nam a2200181 a 4500001001000000005001700010008004100027050002300068100004400091245026200135260003100397300002400428500000800452651002300460651004100483700004500524700005700569BRCA_265420190320203917.0011208s1826----mx-a---###---#000-0#spa-# 4aF1219.1b.B68 18261 aBoutorini, Benaducci Lorenzod1702-175010aTezcoco en los ultimos tiempos de sus antiguos reyes, ó sea relación tomada de los manuscritos inéditos de Boturinicredactados por el lic. d. Mariano ; publicadas con notas y adiciones para estudio de la juventud mexicana, Carlos Maria de Bustamante. aMéxicobImp. de M.c1826 a276 p.bil.c21 cm. aB75 4aMéxicoxHistoria 4aTexcocoxHistoriazMéxico (Estado)1 aBustamante, Carlos María ded1774-18481 aVeytia, Mariano Fernandez de Echeverria yd1718-1779